000 00256nam a2200109Ia 4500
008 170627s9999 xx 000 0 und d
100 _aMONIPALLY- MATHEW
245 4 _aTHE CRAFT OF BUSINESS LETTER WRITING
260 _bTMH
260 _c2005
546 _aENGLISH
690 _aBUSINESS
999 _c35339
_d35339